Random Knowledge Quiz #45 - Friends edition - Statistics

General Stats
  • This quiz has been taken 186 times
  • The average score is 13 of 17
Answer Stats
Question Answer % Correct
What is the name of the monkey Ross had in season 1? Marcel
96%
Which holiday does Chandler hate? Thanksgiving
96%
What is Rachel wearing when she first appears in episode 1? A wedding dress
94%
What is Phoebe's most famous song called? Smelly Cat
93%
Which soap opera does Joey star in? Days of Our Lives
92%
What type of car does Jack Geller give to Monica? Porsche
89%
Where did Chandler and Monica travel to meet Chandler's dad? Las Vegas
87%
Name Phoebe's brother's triplets. Chandler
81%
What game does Ross participate in to impress Emily? Rugby
80%
Finish these lyrics: Monica, Monica / Have a Happy Hanukkah! / Saw Santa Claus / He said hello to Ross / And please tell Joey / Christmas will be... Snowy
78%
And what song did the monkey especially love? The Lion Sleeps Tonight
76%
Frank Jr. Jr.
69%
Other than English, what language does Günther speak? Dutch
65%
What does Phoebe briefly change her name to in season 10? Princess Consuela Bananahammock
62%
Which member of the royal family does Joey meet in London? Sarah Ferguson
58%
Leslie
53%
What did Ross and Rachel name Emma before Rachel decided that wasn't her name? Isabella
33%
No matching quizzes found
Score Distribution
Percent of People with Each Score
Percentile by Number Answered
Your Score History
You have not taken this quiz